Statistics for 東京の23区 - (45秒制限)

Click here to take the quiz!

General Stats

  • This quiz has been taken 977 times
  • The average score is 15 of 23

Answers on the Map

Answers color-coded by a green-red scale on the quiz's map according to % correct below.
 

Answer Stats

% Correct
81%
新宿
80%
78%
渋谷
76%
江戸川
74%
練馬
73%
中央
73%
世田谷
73%
千代田
71%
江東
70%
品川
69%
足立
68%
板橋
67%
大田
67%
杉並
66%
葛飾
64%
豊島
62%
中野
59%
目黒
58%
文京
57%
台東
56%
荒川
54%
墨田
51%

Score Distribution

Percentile by Number Answered

Percent of People with Each Score

Your Score History

You have not taken this quiz